KALPANA KI UDAAN (Record no. 208341)

MARC details
000 -LEADER
fixed length control field 00325nam a2200145Ia 4500
008 - FIXED-LENGTH DATA ELEMENTS--GENERAL INFORMATION
fixed length control field 220928s9999 xx 000 0 und d
082 ## - DEWEY DECIMAL CLASSIFICATION NUMBER
Item number DHI
041 ## - LANGUAGE CODE
Language code of text/sound track or separate title HINDI
100 ## - MAIN ENTRY--PERSONAL NAME
Personal name DHIL, DAYARAM
245 #0 - TITLE STATEMENT
Title KALPANA KI UDAAN
260 ## - PUBLICATION, DISTRIBUTION, ETC.
Name of publisher, distributor, etc. TASVEER PRAKASHAN, SIRAMA
Date of publication, distribution, etc. 2013
300 ## - PHYSICAL DESCRIPTION
Extent 35
650 ## - SUBJECT ADDED ENTRY--TOPICAL TERM
Topical term or geographic name entry element General
942 ## - ADDED ENTRY ELEMENTS (KOHA)
Koha item type Book
Holdings
Withdrawn status Lost status Damaged status Not for loan Home library Current library Shelving location Date acquired Total Checkouts Total Renewals Barcode Date last seen Date last checked out Price effective from Koha item type
        Mewar University Central Library Mewar University Central Library Donated 30/09/2021 2   DN2475 14/12/2022 05/12/2022 30/09/2021 Book